| 000 | 00797nam a2200229 a 4500 | ||
|---|---|---|---|
| 003 | BD-DhJNU | ||
| 005 | 20250428040736.0 | ||
| 008 | 760506s1976 caua b 000 0 eng | ||
| 020 | _a0803904444 | ||
| 020 | _a0803905173 (pbk.) | ||
| 040 |
_aBD-DhJNU _bENG _cBD-DhJNU _dBD-DhJNU |
||
| 082 | 0 | 0 |
_a301.41 ECO _223 |
| 245 | 0 | 0 |
_aEconomic independence for women : _bthe foundation for equal rights / _cedited by Jane Roberts Chapman |
| 260 |
_aBeverly Hills, Calif. : _bSage Publications, _cc1976. |
||
| 300 |
_a285 p. : _bill. ; _c24 cm. |
||
| 440 | 0 |
_aSage yearbooks in women's policy studies ; _vv. 1 |
|
| 504 | _aIncludes bibliographies. | ||
| 650 | 0 |
_aWomen _zUnited States _xEconomic conditions. |
|
| 650 | 0 |
_aWomen _xEmployment _zUnited States. |
|
| 700 | 1 | _aChapman, Jane Roberts. | |
| 942 | _cBK | ||
| 999 |
_c1628 _d1628 |
||